Регионална библиотека "Любен Каравелов" - Русе

Анализ на хранителните продукти (Запис номер 56180)

MARC детайли
000 -Лидер
Контролно поле с фиксирана дължина nam a22 a 4500
003 - Код на организацията, давaща контролен номер
Контролно поле BLK
005 - Дата и час на последна редакция
Контролно поле 20220621075323.0
008 - Елементи от данни с фиксирана дължина
fixed length control field 180408b bul|||||r ||||||| ||bul||
010 ## - Наследен системен номер
LC control number KNG00060159000
040 ## - Източник на каталожния запис
Идентификатор на билиотеката - собственик на записа BLK
041 ## - Код за език
Код за езика на текст/звукозапис или на отделно заглавие Български
Код за езика КДБФ Български
080 ## - УДК
УДК код - определител по УДК 613.26/.29
УДК - код + определител 613.26/.29
100 1# - Редна дума - Автор
Автор Генадиев, Асен П.
Авторска отговорност първи автор
R(LIN) 286690
139 ## - Редно поле
Редна дума Анализ на хранителните продукти
Авторски знак Ан - А 64
245 10 - Сведения за заглавието
Заглавие Анализ на хранителните продукти
Редно поле (дума) Асен П. Генадиев.
250 ## - Област на изданието
Сведения за изданието 2. прераб. изд.
257 ## - Страна на издаване
Страна на създаване/издаване България
260 ## - Област на издателските данни
Име на издателя, разпространителя и проч. Техника
Година на издаване 1968
Място на издаване, разпространение и проч. София
300 ## - Физическа характеристика
Страници 696 с.
Размери/Мащаб 19 см
380 ## - Жанр
Жанр Медицина
500 ## - Общи забележки
Забележка Други авт.: Донка Н. Калчева, Ненчо М. Ненчев, Димитър Ив. Тевеклиев, Невена Ив. Чавдарова.
504 ## - Забележка за наличие на библиография и др
Забележка за наличие на библиография и под. Библиогр. с. 670-673
650 #4 - Допълнително описание по предмет – тема
Основно описание – тема или топоним Хранителни продукти - химичен състав и хранителни свойства
9 (RLIN) 253218
650 #4 - Допълнително описание по предмет – тема
Основно описание – тема или топоним Храни - контрол
9 (RLIN) 286048
653 ## - Ключова дума – ненормативна
Ключова дума хранителни продукти
653 ## - Ключова дума – ненормативна
Ключова дума анализи
653 ## - Ключова дума – ненормативна
Ключова дума контрол на храните
852 ## - Местоположение
Форматна сигнатура Цб 47716
Фондова буква Хранилище
856 4# - Електронен адрес и достъп
Електронен формат pdf - файл
856 4# - Електронен адрес и достъп
Електронен формат pdf - файл
999 ## - СИСТЕМНИ КОНТРОЛНИ НОМЕРА
Koha biblionumber 56180
Koha biblioitemnumber 56180
942 ## - АРТИКУЛИ
Вид на библиотечния материал Книги
Скрит в OPAC Не
Периодичен библиозапис Да
944 ## - СЪЗДАВАНЕ И РЕДАКЦИЯ на ЗАПИСА
Създаване/Редакция Създаване
Дата на регистрацията/редакция 13.06.2004
Служител, извършил регистрацията/редакцията Виолета_Тройчева
944 ## - СЪЗДАВАНЕ И РЕДАКЦИЯ на ЗАПИСА
Създаване/Редакция Редакция
Дата на регистрацията/редакция 04.07.2011
999 ## - СИСТЕМНИ КОНТРОЛНИ НОМЕРА
Koha biblioitemnumber 56180
Наличности
Код за отписване Код за изгубен артикул Източник на класификационната схема Код за повреда Коз за рестрикции Код за отдаване Артикулен № Име на библиотеката - собственик Име на библиотеката, в която се намира в момента Статус (Текущо местоположение) Дата на вписване в системата Местоположение - отдел Цена в лева Инвентарен номер Систематично азбучна сигнатура Баркод Номер на екземпляра Цена в евро Служебна бележка Служебен тип на артикула
Изтеглен Не е изгубен Universal Decimal Classification Не е повреден без рестрикции ползва се в читалня 88566 Регионална библиотека "Любен Каравелов" Русе Регионална библиотека "Любен Каравелов" Русе Читалня 1993-01-01 Читалня 3.33 46276 Ч 614/А 64 46276 1 1.70 Дата инв: 17.03.2017 Бележки инв: Ч2017 Книги
  Не е изгубен Universal Decimal Classification Не е повреден само за читалня ползва се в читалня 894920 Регионална библиотека "Любен Каравелов" Русе Регионална библиотека "Любен Каравелов" Русе Хранилище 2022-07-07 Хранилище 3.33 46671 Цб 47716 120000046671   1.70   Книги
Vip Innovations Ltd, Rousse, Bulgaria 2025